Software engineering / (Record no. 189283)
[ view plain ]
| 000 -LEADER | |
|---|---|
| fixed length control field | 00787 a2200229 4500 |
| 003 - CONTROL NUMBER IDENTIFIER | |
| control field | Nust |
| 005 - DATE AND TIME OF LATEST TRANSACTION | |
| control field | 20230120115533.0 |
| 020 ## - INTERNATIONAL STANDARD BOOK NUMBER | |
| International Standard Book Number | 9788131762165 |
| 040 ## - CATALOGING SOURCE | |
| Transcribing agency | Nust |
| 082 ## - DEWEY DECIMAL CLASSIFICATION NUMBER | |
| Classification number | 005.1,SOM |
| 100 1# - MAIN ENTRY--PERSONAL NAME | |
| Personal name | Sommerville, Ian, |
| 245 00 - TITLE STATEMENT | |
| Title | Software engineering / |
| Statement of responsibility, etc. | Ian Sommerville |
| 250 ## - EDITION STATEMENT | |
| Edition statement | 9th. ed. |
| 260 ## - PUBLICATION, DISTRIBUTION, ETC. | |
| Place of publication, distribution, etc. | Wokingham : |
| Name of publisher, distributor, etc. | Addison-Wesley, |
| Date of publication, distribution, etc. | 2012 |
| 300 ## - PHYSICAL DESCRIPTION | |
| Extent | xiii, 773 s. : |
| Other physical details | ill. |
| 440 #0 - SERIES STATEMENT/ADDED ENTRY--TITLE | |
| Title | International computer science series, |
| 9 (RLIN) | 94511 |
| 505 ## - FORMATTED CONTENTS NOTE | |
| Formatted contents note | Part.1 Introduction to software engineering (Page-1), Part.2 Dependability and security (Page-261), Part.3 Advanced software engineering (Page-423), Part.4 Software management (Page-591). |
| 650 #7 - SUBJECT ADDED ENTRY--TOPICAL TERM | |
| Topical term or geographic name entry element | Computer programs |
| 9 (RLIN) | 107227 |
| 650 #7 - SUBJECT ADDED ENTRY--TOPICAL TERM | |
| Topical term or geographic name entry element | computer systems |
| 9 (RLIN) | 67620 |
| 650 #7 - SUBJECT ADDED ENTRY--TOPICAL TERM | |
| Topical term or geographic name entry element | Software |
| 9 (RLIN) | 94006 |
| 942 ## - ADDED ENTRY ELEMENTS (KOHA) | |
| Source of classification or shelving scheme | |
| Koha item type | Book |
| Withdrawn status | Lost status | Source of classification or shelving scheme | Damaged status | Not for loan | Permanent Location | Current Location | Shelving location | Date acquired | Total Checkouts | Full call number | Barcode | Date last seen | Date last checked out | Price effective from | Koha item type | Public note |
|---|---|---|---|---|---|---|---|---|---|---|---|---|---|---|---|---|
| Military College of Signals (MCS) | Military College of Signals (MCS) | General Stacks | 12/12/2016 | 16 | 005.1,SOM | MCS35067 | 11/30/2024 | 10/09/2024 | 12/12/2016 | Book | Almirah No.3, Shelf No.6 |
